[Event "Euskadi tch DH"]
[Site ""]
[Date "2012.01.14"]
[Round "1.1"]
[White "Franco Alonso, Alejandro"]
[Black "Diaz Herrero, Alvaro"]
[Result "1-0"]
[WhiteElo "2449"]
[BlackElo "2132"]

1.d4 Nf6 2.c4 e6 3.Nf3 c5 4.d5 d6 5.Nc3 exd5 6.cxd5 g6 7.Qa4+ Bd7 8.Qb3 b5
9.Nxb5 Bxb5 10.Qxb5+ Nbd7 11.Qd3 Bg7 12.g3 O-O 13.Bg2 Re8 14.O-O Ng4 15.
Qc2 Nde5 16.Nd2 f5 17.h3 Nf6 18.Rb1 Nh5 19.e3 Qa5 20.b3 Rab8 21.Rd1 Qa6 
22.Bb2 Bh6 23.Bf1 Qb7 24.Bxe5 Rxe5 25.Nc4 Qe7 26.Bg2 Re4 27.Bxe4 fxe4 28.
Qe2 Nf6 29.Kg2 Rf8 30.b4 cxb4 31.Rxb4 Nd7 32.Rb7 Rf7 33.Rxa7 Qf6 34.Rb1 
Bf8 35.Rbb7 1-0

[Event "Euskadi tch DH"]
[Site ""]
[Date "2012.01.14"]
[Round "1.1"]
[White "Miguelez Garcia, Erlantz"]
[Black "Gonzalez De La Torre, Santiago"]
[Result "0-1"]
[WhiteElo "2022"]
[BlackElo "2441"]

1.d4 Nf6 2.c4 c5 3.Nf3 cxd4 4.Nxd4 b6 5.Nc3 Bb7 6.f3 d6 7.e4 e6 8.Be3 Be7 
9.Qd2 O-O 10.Be2 a6 11.O-O Qc7 12.Rfd1 Nbd7 13.Rac1 Rac8 14.Kh1 Qb8 15.Qe1
Rfe8 16.Qf1 Bd8 17.Bf2 Bc7 18.g3 Ne5 19.Be3 h6 20.Qf2 Rcd8 21.Nb3 Bc6 22.
Nd2 b5 23.cxb5 axb5 24.b4 d5 25.Ba7 Qb7 26.Nxb5 Bxb5 27.Bxb5 Qxb5 28.Rxc7 
dxe4 29.Rc5 Qa4 30.Qe2 Nxf3 31.Ra5 Qxb4 32.Rb5 0-1

[Event "Euskadi tch DH"]
[Site ""]
[Date "2012.01.14"]
[Round "1.1"]
[White "Etchegaray, Patrice"]
[Black "Sanz Rodero, Mikel"]
[Result "1-0"]
[WhiteElo "2405"]
[BlackElo "2045"]

1.e4 d5 2.exd5 Qxd5 3.Nc3 Qa5 4.Bc4 Nf6 5.d3 c6 6.Bd2 Bf5 7.Qe2 e6 8.h3 h5
9.Nf3 Qc7 10.Nd4 g6 11.O-O-O Nbd7 12.Nxf5 gxf5 13.Bxe6 fxe6 14.Qxe6+ Kd8 
15.Rhe1 Bh6 16.Bxh6 Rxh6 17.Qxf5 Qd6 18.Re6 Qc5 19.Qf4 Rg6 20.Ne4 Qf8 21.
Nd6 Nc5 22.Re8+ Qxe8 23.Nxe8 Nxe8 24.Re1 Re6 25.Qg5+ Kd7 26.Rd1 b6 27.Qxh5
Nf6 28.Qf5 Kd6 29.d4 Nb7 30.g4 b5 31.g5 Nd5 32.h4 Rh8 33.Qg4 Rf8 34.g6 Nd8
35.h5 Rg8 36.Qg3+ Kd7 37.Qa3 Re2 38.Qxa7+ Kd6 39.a4 Rxf2 40.axb5 Ne3 41.
Qa3+ 1-0

[Event "Euskadi tch DH"]
[Site ""]
[Date "2012.01.14"]
[Round "1.1"]
[White "Zabala Perez, Aritz"]
[Black "Argandoña Riveiro, Iñigo"]
[Result "0-1"]
[WhiteElo "1968"]
[BlackElo "2387"]

1.d4 Nf6 2.c4 e6 3.Nf3 b6 4.g3 Ba6 5.Qc2 Bb4+ 6.Bd2 Be7 7.Bg2 c6 8.O-O O-O
9.Re1 d5 10.b3 Nbd7 11.Bf4 Rc8 12.cxd5 cxd5 13.Qb2 Ne4 14.Nfd2 g5 15.Nxe4 
gxf4 16.Ned2 fxg3 17.hxg3 Qc7 18.Na3 Qc3 19.Qxc3 Rxc3 20.Nab1 Rc2 21.Bf3 
Rfc8 22.Nf1 Bb4 23.Rd1 Rc1 24.Nbd2 Rxa1 25.Rxa1 Rc2 26.Rd1 Rxa2 27.Kg2 Nf6
28.g4 h6 29.Kg3 Kg7 30.Kf4 Bd6+ 31.Ke3 Kg6 0-1

[Event "Euskadi tch DH"]
[Site ""]
[Date "2012.01.14"]
[Round "1.2"]
[White "Alberdi Sololuze, Paulo"]
[Black "Huerga Leache, Mikel"]
[Result "1/2-1/2"]
[WhiteElo "2192"]
[BlackElo "2436"]

1.d4 g6 2.c4 Nf6 3.Nc3 d5 4.Qb3 dxc4 5.Qxc4 a6 6.Bf4 c6 7.Nf3 b5 8.Qd3 Be6
9.e4 Bc4 10.Qe3 Bxf1 11.Rxf1 Bg7 12.h3 O-O 13.Rc1 Nbd7 14.e5 Nd5 15.Nxd5 
cxd5 16.e6 fxe6 17.Qxe6+ Kh8 18.Bc7 Qe8 19.Qxd5 Rc8 20.Ke2 e6 21.Qb7 e5 
1/2-1/2

[Event "Euskadi tch DH"]
[Site ""]
[Date "2012.01.14"]
[Round "1.2"]
[White "Fernandez, G"]
[Black "Varas, Carlos"]
[Result "1/2-1/2"]
[WhiteElo "2176"]
[BlackElo "2259"]

1.e4 c5 2.d3 e6 3.g3 d5 4.Nd2 Bd6 5.Bg2 Ne7 6.f4 Nbc6 7.Ngf3 O-O 8.O-O Bd7
9.c3 Rc8 10.Nh4 f6 11.Qh5 Be8 12.Qg4 Bf7 13.Ndf3 Qb6 14.f5 c4+ 15.d4 exf5 
16.exf5 Kh8 17.Rf2 Qc7 18.Bd2 b5 19.Qh3 Kg8 20.Qg4 Kh8 21.Qh3 Kg8 22.g4 h6
23.g5 hxg5 24.Bxg5 Rfe8 25.Bd2 1/2-1/2

[Event "Euskadi tch DH"]
[Site ""]
[Date "2012.01.14"]
[Round "1.2"]
[White "Valdezate Suarez, Fernando"]
[Black "Martinez Pelaez, David"]
[Result "1/2-1/2"]
[WhiteElo "1992"]
[BlackElo "1987"]

1.d4 Nf6 2.Nf3 d5 3.c4 e6 4.Nc3 Be7 5.Bg5 O-O 6.e3 Nbd7 7.Bd3 c6 8.O-O 
dxc4 9.Bxc4 Nd5 10.Bxe7 Qxe7 11.Rc1 Nxc3 12.Rxc3 e5 13.e4 exd4 14.Qxd4 Nb6
15.Bb3 Bg4 16.Qe5 Rae8 17.Qxe7 1/2-1/2

[Event "Euskadi tch DH"]
[Site ""]
[Date "2012.01.14"]
[Round "1.3"]
[White "Cruz-Lopez Claret, Carlos"]
[Black "Hernandez, Elvis"]
[Result "1/2-1/2"]
[WhiteElo "2334"]
[BlackElo "2305"]

1.d4 d5 2.c4 dxc4 3.e3 Nf6 4.Bxc4 e6 5.Nf3 a6 6.O-O b5 7.Bd3 Bb7 8.a4 b4 
9.Nbd2 c5 10.e4 cxd4 11.e5 Nd5 12.Nc4 Nc6 13.Bg5 Qc7 14.Rc1 h6 15.Bd2 Rd8 
16.Qe2 Be7 17.Qe4 Kf8 18.Rfe1 Qd7 19.Qg4 g5 20.h4 h5 21.Qg3 g4 22.Ng5 Kg7 
23.Ne4 Nc3 24.f3 Nxe4 25.Rxe4 Kf8 26.fxg4 Na5 27.Nxa5 Bxe4 28.Bxe4 hxg4 
29.Nc6 Rc8 30.Qxg4 Rxh4 31.Qf3 Ke8 32.Rf1 Bc5 33.Bxb4 Rxe4 34.Bxc5 Rxc6 
35.Qf6 Rxc5 36.Qh8+ Ke7 37.Qf6+ Kf8 1/2-1/2

[Event "Euskadi tch DH"]
[Site ""]
[Date "2012.01.14"]
[Round "1.3"]
[White "Lakunza Oyarbide, Juan Carlos"]
[Black "Muñoz Perez, Ivan"]
[Result "1-0"]
[WhiteElo "2111"]
[BlackElo "2291"]

1.e4 e5 2.Nf3 d6 3.d4 Qe7 4.Nc3 c6 5.a4 h6 6.Be3 Nf6 7.Bc4 Nbd7 8.O-O g5 
9.h4 g4 10.dxe5 gxf3 11.exf6 Qxf6 12.Qxf3 Qxf3 13.gxf3 Be7 14.Rad1 Ne5 15.
Be2 Bh3 16.Rfe1 O-O-O 17.Kh2 Be6 18.Bxa7 Bxh4 19.Bb6 Rdg8 20.Rxd6 Bf6 21.
Kh1 Ng6 22.Bc4 Be5 23.Rxe6 fxe6 24.Bxe6+ Kb8 25.Bxg8 Rxg8 26.Rg1 Kc8 27.
Be3 1-0

[Event "Euskadi tch DH"]
[Site ""]
[Date "2012.01.14"]
[Round "1.3"]
[White "Olaizola Ortega, Luis"]
[Black "Sanz Perez, Eduardo"]
[Result "1/2-1/2"]
[WhiteElo "2215"]
[BlackElo "2132"]

1.Nf3 Nf6 2.c4 e6 3.g3 d5 4.Bg2 Bd6 5.O-O Nbd7 6.d4 dxc4 7.Qa4 O-O 8.Qxc4 
e5 9.Nc3 exd4 10.Qxd4 Bc5 11.Qc4 c6 12.b4 Bd6 13.b5 Ne5 14.Nxe5 Bxe5 15.
bxc6 bxc6 16.Ba3 Be6 17.Qb4 c5 18.Qxc5 Nd7 19.Qe3 Rc8 20.Rac1 Re8 21.Nd5 
Rb8 22.Qd2 Rb5 23.Rfd1 Qa5 24.Qxa5 Rxa5 25.Bb4 Rxa2 26.Nc7 Bxc7 27.Rxc7 a5
28.Bc3 Nf6 29.Bc6 Rb8 30.Ra7 Rc2 31.Be5 Rf8 32.Bf3 Ng4 33.Bf4 Ra2 34.Kg2 
h5 35.Bc7 a4 36.Rd4 Rc8 37.Bf4 Bc4 38.Bb7 Rxe2 39.Bxc8 Rxf2+ 40.Kg1 Rf1+ 
41.Kg2 Rf2+ 1/2-1/2

[Event "Euskadi tch DH"]
[Site ""]
[Date "2012.01.14"]
[Round "1.3"]
[White "Segovia Sanchez, Antonio"]
[Black "Serras Uria, Antonio"]
[Result "0-1"]
[WhiteElo "2045"]
[BlackElo "2191"]

1.d4 Nf6 2.Bf4 g6 3.e3 Bg7 4.Nf3 O-O 5.Be2 d6 6.O-O Nbd7 7.h3 c6 8.c4 Qa5 
9.Qd2 Qxd2 10.Nbxd2 c5 11.Bh2 b6 12.a3 Bb7 13.Rfd1 Rac8 14.Rac1 Rfd8 15.b4
Ne8 16.Nb3 Bc6 17.Rd2 Nef6 18.Ra2 Ne4 19.Nbd2 Nxd2 20.Rxd2 Bxf3 21.Bxf3 
cxd4 22.exd4 Bh6 23.Rdc2 Bxc1 24.Rxc1 e5 25.Rd1 Re8 26.Bg3 Rxc4 27.dxe5 
Nxe5 28.Bb7 Rc7 29.Ba6 Re6 30.Bb5 f5 31.Kh2 Nf7 32.Rd4 Re4 33.Rd3 f4 34.
Bh4 Re5 0-1

[Event "Euskadi tch DH"]
[Site ""]
[Date "2012.01.14"]
[Round "1.5"]
[White "Ruiz Gomez, Alejandro"]
[Black "Astasio Lopez, David"]
[Result "0-1"]
[WhiteElo "2413"]
[BlackElo "2327"]

1.e4 c5 2.Nf3 e6 3.c3 d5 4.e5 d4 5.Bd3 Nc6 6.O-O Nge7 7.Re1 b6 8.Be4 Bb7 
9.d3 Qd7 10.Bf4 h6 11.h4 Nd5 12.Bg3 dxc3 13.bxc3 Rd8 14.Qc2 Be7 15.Nbd2 
O-O 16.Nc4 b5 17.Nd6 Bxd6 18.exd6 Nf6 19.Rab1 a6 20.a4 Nxe4 21.dxe4 b4 22.
e5 Rc8 23.Nd2 Na5 24.f3 b3 25.Nxb3 Qxa4 26.Nd4 Qd7 27.Ne2 c4 28.Nd4 Bd5 
29.Rbd1 Nb3 30.Nf5 exf5 31.Rxd5 a5 32.h5 Kh7 33.Bf2 Rg8 34.Kf1 g6 35.hxg6+
Rxg6 36.g3 a4 37.Ke2 Ra8 38.Rb1 a3 39.Qa2 Qe6 40.Rb5 f6 41.f4 fxe5 42.Rxe5
Qxd6 43.Rxb3 Qd3+ 44.Ke1 cxb3 45.Qxb3 Rg7 46.Re2 a2 0-1

[Event "Euskadi tch DH"]
[Site ""]
[Date "2012.01.14"]
[Round "1.5"]
[White "Limeres Guiance, Cristobal"]
[Black "Albaina Alvarez, Alvaro"]
[Result "1/2-1/2"]
[WhiteElo "2209"]
[BlackElo "2144"]

1.d4 d5 2.Nf3 Nc6 3.Bf4 Bg4 4.e3 e6 5.c4 Bd6 6.Bxd6 Qxd6 7.cxd5 exd5 8.
Nbd2 Nf6 9.Rc1 O-O 10.Qb3 Rab8 11.Bd3 Qb4 12.Rc3 Bxf3 13.gxf3 Qd6 14.O-O 
Ne7 15.Rfc1 c6 16.Nf1 Ng6 17.Ng3 1/2-1/2

[Event "Euskadi tch DH"]
[Site ""]
[Date "2012.01.14"]
[Round "1.5"]
[White "Gutierrez Bustillo, Diego"]
[Black "Gete Rodriguez, Isidro"]
[Result "0-1"]
[WhiteElo "2018"]
[BlackElo "2146"]

1.e4 e5 2.Nf3 Nc6 3.d4 exd4 4.Nxd4 Nf6 5.Nc3 Bb4 6.Nxc6 bxc6 7.Bd3 O-O 8.
O-O d5 9.exd5 cxd5 10.Bg5 c6 11.Qf3 Bd6 12.Rfe1 Rb8 13.Bxf6 Qxf6 14.Qxf6 
gxf6 15.Na4 Bd7 16.Rad1 a5 17.b3 Rfe8 18.Rxe8+ Rxe8 19.c4 d4 20.c5 Bc7 21.
g3 Re5 22.f4 Bg4 23.Rd2 Re1+ 24.Kf2 Rh1 25.Kg2 Re1 26.Kf2 Rh1 27.Kg2 Re1 
28.Ba6 Rd1 29.Rxd1 Bxd1 30.Bd3 h5 31.Kf2 h4 32.Be4 Kf8 33.Bxc6 Bc2 34.Ke2 
Ke7 35.Bd5 f5 36.Nb6 hxg3 37.hxg3 f6 38.a3 Bxb6 39.cxb6 Kd6 40.b7 Kc7 41.
Kf3 Kb8 42.b4 axb4 43.axb4 Ba4 44.g4 Bd1+ 45.Kg3 fxg4 46.Be4 Be2 47.Kf2 d3
48.Ke3 Bf1 49.Bxd3 Bxd3 50.Kxd3 f5 51.Kd4 Kxb7 52.Ke5 g3 53.Kxf5 g2 54.Ke6
g1=Q 0-1

[Event "Euskadi tch DH"]
[Site ""]
[Date "2012.01.21"]
[Round "2.1"]
[White "Angulo Martinez, Jon"]
[Black "Astasio Lopez, David"]
[Result "0-1"]
[WhiteElo "2202"]
[BlackElo "2327"]

1.e4 c5 2.Nf3 e6 3.d4 cxd4 4.Nxd4 Nf6 5.Nc3 Nc6 6.Nxc6 bxc6 7.e5 Nd5 8.Ne4
Qc7 9.f4 Qa5+ 10.c3 Be7 11.Bd2 Qb6 12.c4 Qd4 13.Qb1 Rb8 14.b3 f5 15.exf6 
Nxf6 16.Nf2 d5 17.Qc1 Ne4 18.Be3 Bb4+ 19.Ke2 Qf6 20.Nxe4 dxe4 21.g3 e5 22.
Qc2 O-O 23.Bg2 exf4 24.gxf4 Bg4+ 25.Kf2 Qh4+ 26.Kf1 Bd6 27.Qf2 Qf6 0-1

[Event "Euskadi tch DH"]
[Site ""]
[Date "2012.01.21"]
[Round "2.2"]
[White "Albaina Alvarez, Alvaro"]
[Black "Diaz Herrero, Alvaro"]
[Result "0-1"]
[WhiteElo "2144"]
[BlackElo "2132"]

1.e4 d6 2.d4 e5 3.Nf3 exd4 4.Nxd4 Nf6 5.Nc3 Be7 6.Be2 O-O 7.O-O Re8 8.Bf3 
Bf8 9.Re1 Nbd7 10.g3 Ne5 11.Bg2 Bg4 12.f3 c5 13.fxg4 cxd4 14.Qxd4 Nfxg4 
15.Nd5 Nc6 16.Qd1 Nb4 17.Qxg4 Nxd5 18.Qd1 Nb4 19.c3 Nc6 20.Kh1 Rc8 21.Bf4 
b5 22.Qd5 b4 23.c4 Ne5 24.b3 Rc5 25.Qd2 a5 26.Rad1 Qa8 27.Rf1 Qb7 28.Be3 
Rc7 29.Bd4 Qa8 30.h3 Re6 31.Rf2 Qe8 32.Be3 Be7 33.Qd5 a4 34.Qa5 Rb7 35.Rd5
axb3 36.axb3 Nd7 37.Qa2 Rb8 38.Qb1 Bf6 39.Ra2 Be5 40.Bf4 Rg6 41.Kh2 h5 42.
Rb5 h4 43.Bxe5 Rxb5 44.cxb5 Nxe5 45.gxh4 Qxb5 46.Qc2 Qb6 47.Qc8+ Kh7 48.
Ra8 Nf3+ 0-1

[Event "Euskadi tch DH"]
[Site ""]
[Date "2012.01.24"]
[Round "2.4"]
[White "Gutierrez Bustillo, Diego"]
[Black "Sanz Rodero, Mikel"]
[Result "0-1"]
[WhiteElo "2018"]
[BlackElo "2045"]

1.e4 c5 2.Nc3 e6 3.g3 d5 4.Bg2 d4 5.Nce2 e5 6.d3 Nf6 7.f4 exf4 8.Bxf4 Be7 
9.c3 dxc3 10.bxc3 O-O 11.Qc2 Nc6 12.Nf3 Bg4 13.O-O Rc8 14.Rab1 b6 15.Be3 
Qd7 16.Nf4 Rfd8 17.Ne1 Be6 18.h3 Ne5 19.Qf2 Ng6 20.Nxe6 Qxe6 21.Rd1 Ne5 
22.Qf5 Qxf5 23.Rxf5 Nc4 24.Bg5 h6 25.Bc1 Nd6 26.Re5 Bf8 27.d4 g6 28.dxc5 
Nc4 29.Red5 Bxc5+ 30.Kh2 Nxd5 31.exd5 Ne3 32.Bxe3 Bxe3 33.Rd3 Bg5 34.Nc2 
Bf6 35.Nb4 Rxc3 36.Rd2 Be5 37.Rd3 Rxd3 38.Nxd3 Bd6 0-1

[Event "Euskadi tch DH"]
[Site ""]
[Date "2012.01.21"]
[Round "2.2"]
[White "Istratescu., Andrei"]
[Black "Ruiz Gomez, Alejandro"]
[Result "1/2-1/2"]
[WhiteElo "2628"]
[BlackElo "2413"]

1.d4 Nf6 2.Nf3 d5 3.c4 c6 4.e3 g6 5.Nc3 Bg7 6.Qb3 O-O 7.Bd2 Qb6 8.Rc1 Qxb3
9.axb3 e6 10.Bd3 Nbd7 11.O-O Re8 12.Rfe1 b6 13.e4 dxe4 14.Nxe4 Nxe4 15.
Bxe4 Bb7 16.Bc3 e5 17.dxe5 Nxe5 18.Bxe5 Bxe5 19.Nxe5 Rxe5 20.f4 Re7 21.Bf3
Rae8 22.Rxe7 Rxe7 23.Ra1 a5 24.c5 Re3 25.Ra3 bxc5 26.Kf2 Rd3 27.Ke2 Rd4 
28.Rxa5 Rxf4 29.Kd2 Rb4 30.Kc3 Rb6 31.Rxc5 Kf8 32.b4 Ke8 33.g4 f6 34.h4 
Kd7 35.g5 f5 36.Ra5 Ba6 37.h5 Kd6 38.h6 Bc8 39.Ra7 Bd7 40.Ra8 Be6 41.Rh8 
Rb7 42.Rd8+ Ke7 43.Rd1 Rb6 44.Be2 Rb8 45.Ra1 Kd6 46.Ra6 Bc8 47.Ra1 Bd7 48.
Bd3 Re8 49.Kd2 Rb8 50.Kc3 Re8 51.Kd4 Rf8 52.b5 cxb5 53.b4 f4 54.Ra6+ Bc6 
55.Be4 Rc8 56.Rb6 Rc7 57.Bd3 Rd7 58.Ra6 Kc7+ 59.Kc3 Kb7 60.Ra2 f3 61.Rf2 {
(Ilegible)} 1/2-1/2

[Event "Euskadi tch DH"]
[Site ""]
[Date "2012.01.21"]
[Round "2.2"]
[White "Iruzubieta Villaluenga, Jesus M"]
[Black "Del Rio De Angelis, Salvador G"]
[Result "1/2-1/2"]
[WhiteElo "2391"]
[BlackElo "2531"]

1.d4 e6 2.c4 Nf6 3.Nc3 Bb4 4.Qc2 c5 5.dxc5 O-O 6.a3 Bxc5 7.Nf3 b6 8.Bf4 
Bb7 9.Rd1 Nc6 10.e3 Nh5 11.Bg3 f5 12.Be2 f4 13.exf4 Nxf4 14.O-O e5 15.Nb5 
a6 16.b4 axb5 17.bxc5 bxc5 18.cxb5 Nd4 19.Nxd4 cxd4 20.Bxf4 Rxf4 21.g3 Rf6
22.f4 Qb6 23.Qd3 d6 24.Bf3 Rc8 25.Bxb7 Qxb7 26.Rde1 Rc3 27.Qe4 Qxb5 28.a4 
Qc6 1/2-1/2

[Event "Euskadi tch DH"]
[Site ""]
[Date "2012.01.21"]
[Round "2.2"]
[White "Romero Holmes, Alfonso"]
[Black "Limeres Guiance, Cristobal"]
[Result "1-0"]
[WhiteElo "2501"]
[BlackElo "2209"]

1.d4 e6 2.e4 d5 3.e5 c5 4.Nf3 Qb6 5.Bd3 Nc6 6.dxc5 Bxc5 7.O-O Nge7 8.Nc3 
Ng6 9.Na4 Qa5 10.Nxc5 Qxc5 11.Qe2 Bd7 12.c3 f6 13.Be3 Qe7 14.exf6 Qxf6 15.
Bd4 Nf4 16.Qe3 Nxd4 17.cxd4 a6 18.Rfe1 O-O 19.Ne5 Be8 20.g3 Qg5 21.Kh1 Nh3
22.f4 Qh5 23.Kg2 g5 24.Be2 gxf4 25.Bxh5 fxe3 26.Bxe8 Raxe8 27.Kxh3 Rf2 28.
Ng4 Rff8 29.Rxe3 h5 30.Ne5 Rf2 31.Nd3 Rd2 32.Rae1 Kf7 33.R1e2 Rd1 34.Nf4 
Rxd4 35.Nxe6 1-0

[Event "Euskadi tch DH"]
[Site ""]
[Date "2012.01.21"]
[Round "2.2"]
[White "Gete Rodriguez, Isidro"]
[Black "Gomez Esteban, Juan Mario"]
[Result "0-1"]
[WhiteElo "2146"]
[BlackElo "2471"]

1.d4 Nf6 2.c4 e6 3.Nc3 Bb4 4.e3 O-O 5.Ne2 d5 6.a3 Be7 7.cxd5 exd5 8.Nf4 a5
9.Bd3 c6 10.O-O Bd6 11.e4 dxe4 12.Nxe4 Nxe4 13.Bxe4 Nd7 14.g3 Nf6 15.Bf3 
Re8 16.Nd3 Bf5 17.Nc5 Qe7 18.Be3 Nd5 19.Re1 Bxc5 20.Bxd5 Rad8 21.dxc5 Rxd5
22.Qa4 h6 23.Qxa5 Qd7 24.Qc3 Rd3 25.Qc1 Qd5 26.f3 Rexe3 27.Rxe3 Qd4 28.Kf2
Rd2+ 29.Qxd2 Qxd2+ 30.Re2 Qd4+ 31.Kg2 Qxc5 32.Rd1 Be6 33.Rdd2 Bd5 34.Rf2 
Qe3 35.Rc2 g5 36.Rc3 Qe1 37.g4 Kg7 38.Rcc2 h5 39.h3 h4 40.Rce2 Qd1 41.Re5 
Kg6 42.Re7 b5 43.Re3 Qd4 44.Rc3 0-1

[Event "Euskadi tch DH"]
[Site ""]
[Date "2012.01.21"]
[Round "2.3"]
[White "Libiszewski, Fabien"]
[Black "Garbisu De Goñi, Unai"]
[Result "1/2-1/2"]
[WhiteElo "2509"]
[BlackElo "2450"]

1.e4 e5 2.Nf3 Nc6 3.Bb5 a6 4.Ba4 Nf6 5.O-O Be7 6.d3 b5 7.Bb3 d6 8.a4 b4 9.
Nbd2 Na5 10.Ba2 c5 11.c3 bxc3 12.bxc3 O-O 13.Nc4 h6 14.Nfd2 Rb8 15.Qc2 Be6
16.Nxa5 Qxa5 17.Nc4 Qc7 18.Ne3 Rfd8 19.Bxe6 fxe6 20.Bd2 Rb7 21.Qa2 Qd7 22.
Rab1 Rdb8 23.Rxb7 Rxb7 24.Qc4 Rb6 25.Qa2 d5 26.a5 Rb7 27.exd5 exd5 28.Rb1 
Kh8 29.g3 d4 30.cxd4 cxd4 31.Rxb7 Qxb7 32.Nf5 Qd7 33.Nh4 Bd6 34.Qc4 g5 35.
Ng2 Qb7 36.Qe6 Qe7 37.Qc8+ Kg7 38.Qxa6 e4 39.dxe4 Nxe4 40.Qd3 Bc5 41.h4 
Qe6 42.hxg5 hxg5 43.Be1 Qd5 44.Ne3 Qe6 45.Nc2 Nf6 46.a6 Kh6 47.Bd2 Ne4 48.
Bb4 Bxb4 49.Nxb4 Nc5 50.Qxd4 Nxa6 51.Nd3 Kh7 52.Ne5 Nc7 53.Qd7+ Qxd7 54.
Nxd7 Kg6 55.Kg2 Kf5 56.Kf3 Nd5 57.g4+ Ke6 58.Nc5+ Kf6 59.Ne4+ Kg6 60.Ke2 
Nb4 61.Ke3 Nc6 62.Nd2 Ne5 63.f3 Kf6 64.Ke4 Ke6 65.Kd4 Nc6+ 66.Ke3 Kf6 67.
Ke4 Ke6 68.Nc4 Kf6 69.Kd5 Ne7+ 70.Kd6 Ng6 71.Nd2 Nh4 72.Kd5 Ng2 73.Ne4+ 
Kg6 74.Ke6 Nf4+ 75.Ke5 Nd3+ 76.Kd6 Ne1 77.Nd2 Kf6 78.Kd5 Nd3 1/2-1/2

[Event "Euskadi tch DH"]
[Site ""]
[Date "2012.01.21"]
[Round "2.3"]
[White "Rebole Arbea, Jose Ignacio"]
[Black "Hernandez, Elvis"]
[Result "0-1"]
[WhiteElo "2192"]
[BlackElo "2305"]

1.g3 e5 2.Bg2 Nf6 3.c4 d5 4.cxd5 Nxd5 5.Nc3 Nb6 6.Nf3 Nc6 7.d3 Be7 8.a3 
O-O 9.O-O Be6 10.b4 f6 11.Qc2 a5 12.b5 Nd4 13.Nxd4 exd4 14.Na4 Bd5 15.Bf4 
Rc8 16.Bh3 f5 17.e4 dxe3 18.Bxe3 Nxa4 19.Qxa4 b6 20.Rfc1 Kh8 21.Bf4 Bb7 
22.Qc4 Bd5 23.Qc3 Bf6 24.Be5 Qd7 25.Bxf6 Rxf6 26.Qe5 Rf7 27.a4 Bb7 28.Bg2 
Bxg2 29.Kxg2 f4 30.Rc4 Re8 31.Qd4 f3+ 32.Kh1 Rfe7 33.Rg1 Re1 34.Qc3 Rxg1+ 
35.Kxg1 Qh3 0-1

[Event "Euskadi tch DH"]
[Site ""]
[Date "2012.01.21"]
[Round "2.3"]
[White "Lakunza Oyarbide, Juan Carlos"]
[Black "Ducret, Thomas"]
[Result "1-0"]
[WhiteElo "2111"]
[BlackElo "2184"]

1.d4 Nf6 2.Nf3 e6 3.g3 c5 4.Bg2 cxd4 5.O-O d5 6.Nxd4 e5 7.Nf3 Nc6 8.c4 d4 
9.e3 Bc5 10.exd4 exd4 11.Nbd2 O-O 12.Nb3 Qb6 13.Bg5 Ne4 14.Bf4 Bg4 15.Qd3 
Nf6 16.Ne5 Bh5 17.Qf5 Ne7 18.Qc2 Ng6 19.Nxc5 Qxc5 20.Nd3 Qf5 21.Bd6 Rfe8 
22.Rfe1 Bf3 23.Rac1 Rad8 24.c5 Bxg2 25.Kxg2 Qd5+ 26.Kg1 Qxa2 27.Qc4 Rxe1+ 
28.Nxe1 Qxb2 29.Nd3 Qd2 30.Rb1 h5 31.Rxb7 Rd7 32.c6 Qd1+ 33.Kg2 Nh4+ 34.
gxh4 Qg4+ 35.Kf1 Ne4 36.Bb4 Qd1+ 37.Ne1 1-0

[Event "Euskadi tch DH"]
[Site ""]
[Date "2012.01.21"]
[Round "2.3"]
[White "Fejzovski, Enver"]
[Black "Sanz Perez, Eduardo"]
[Result "1-0"]
[WhiteElo "2163"]
[BlackElo "2132"]

1.Nf3 Nf6 2.c4 e6 3.g3 d5 4.cxd5 exd5 5.Bg2 Bd6 6.O-O O-O 7.b3 Bg4 8.Bb2 
Nbd7 9.d3 Re8 10.Nbd2 a5 11.a3 Qe7 12.Re1 Ne5 13.Qc2 c6 14.Nxe5 Bxe5 15.
Nf3 Bxb2 16.Qxb2 Rad8 17.Qc3 Qc7 18.b4 axb4 19.axb4 h6 20.Nd4 Nd7 21.h3 
Bh5 22.Bxd5 Qe5 23.Bg2 c5 24.Nb5 Qxc3 25.Nxc3 cxb4 26.Ne4 b6 27.g4 Bg6 28.
Rab1 Nc5 29.Rxb4 Re6 30.Reb1 Nxe4 31.dxe4 Rd2 32.f4 f5 33.gxf5 Bxf5 34.
exf5 Rexe2 35.Bf1 Rf2 36.Re1 Rf3 37.Rxb6 Rxf4 38.Rb8+ Kh7 39.Rb5 h5 40.
Rbe5 h4 41.R5e4 Rf3 42.Rxh4+ Kg8 43.Bc4+ 1-0

[Event "Euskadi tch DH"]
[Site ""]
[Date "2012.01.21"]
[Round "2.4"]
[White "Huerga Leache, Mikel"]
[Black "Alonso Arburu, Juan Ignacio"]
[Result "1-0"]
[WhiteElo "2436"]
[BlackElo "2364"]

1.e4 d6 2.d4 Nf6 3.Nc3 g6 4.Bg5 Bg7 5.e5 Nfd7 6.exd6 cxd6 7.Qd2 h6 8.Be3 
Nf6 9.Nf3 a6 10.Bc4 Bg4 11.Nh4 Nc6 12.h3 Bd7 13.a3 Rc8 14.Ba2 d5 15.Nxd5 
Nxd5 16.Bxd5 e6 17.Bxc6 Bxc6 18.Nf3 Bxf3 19.gxf3 Qd5 20.O-O-O b5 21.Kb1 h5
22.Rhg1 Qxf3 23.d5 Qf6 24.Qc1 Rc4 25.Bg5 Qf5 26.dxe6 fxe6 27.Rd8+ Kf7 28.
Rd7+ Kg8 29.Rgd1 Bf8 30.Rd8 Rh7 31.Bh6 Rf7 32.Bxf8 Rxf8 33.Qh6 Rc8 34.
Rxf8+ Rxf8 35.Rd7 1-0

[Event "Euskadi tch DH"]
[Site ""]
[Date "2012.01.21"]
[Round "2.4"]
[White "Varas, Carlos"]
[Black "Olaizola Ortega, Luis"]
[Result "1-0"]
[WhiteElo "2259"]
[BlackElo "2215"]

1.e4 e6 2.d4 d5 3.Nc3 Nf6 4.Bd3 c5 5.Nf3 Nc6 6.exd5 exd5 7.O-O c4 8.Re1+ 
Be7 9.Bxc4 dxc4 10.d5 Nxd5 11.Qxd5 Be6 12.Qh5 O-O 13.Bg5 Qa5 14.Qh4 Bb4 
15.Bd2 Qf5 16.Re4 h6 17.Rae1 Rad8 18.h3 Qg6 19.Bf4 Be7 20.Qg3 Qxg3 21.Bxg3
Bb4 22.R1e3 a6 23.Bc7 Rd7 24.Bb6 Rc8 25.a3 Be7 26.Nd4 Nxd4 27.Bxd4 b5 28.
Ne2 Rcc7 29.c3 Bf5 30.Re5 Bc2 31.Rg3 f6 32.Re6 Bd6 33.Rge3 Bg6 34.Ng3 Kh7 
35.Ne4 Bf8 36.Rxa6 f5 37.Nd2 f4 38.Ree6 Bf5 39.Re8 Rf7 1-0

[Event "Euskadi tch DH"]
[Site ""]
[Date "2012.01.21"]
[Round "2.4"]
[White "Serras Uria, Antonio"]
[Black "Valdezate Suarez, Fernando"]
[Result "1-0"]
[WhiteElo "2191"]
[BlackElo "1992"]

1.Nf3 Nf6 2.g3 g6 3.Bg2 Bg7 4.O-O O-O 5.c4 c5 6.d4 cxd4 7.Nxd4 Nc6 8.Nc3 
Nxd4 9.Qxd4 a6 10.h3 d6 11.Qd3 Rb8 12.Be3 Qc7 13.Rac1 b6 14.Nd5 Nxd5 15.
cxd5 Qa7 16.Bd4 Bd7 17.Bxg7 Kxg7 18.Rc3 f6 19.Qe3 Rf7 20.Rfc1 Rb7 21.h4 h5
22.Be4 Kh7 23.Bd3 b5 24.Qxa7 Rxa7 25.Rc7 Rxc7 26.Rxc7 e6 27.Ra7 exd5 28.
Rxa6 Be8 29.Rxd6 Kg7 30.Rxd5 1-0

[Event "Euskadi tch DH"]
[Site ""]
[Date "2012.01.21"]
[Round "2.5"]
[White "Franco Alonso, Alejandro"]
[Black "Alberdi Sololuze, Paulo"]
[Result "1-0"]
[WhiteElo "2449"]
[BlackElo "2192"]

1.Nf3 d6 2.d4 f5 3.Nc3 Nf6 4.Bg5 Nbd7 5.Qd3 g6 6.e4 fxe4 7.Nxe4 Nxe4 8.
Qxe4 Bg7 9.O-O-O Nf6 10.Qe3 O-O 11.h3 b5 12.Bxb5 a5 13.Bc6 Rb8 14.Rhe1 Rb6
15.Ba4 e6 16.c3 Rf7 17.Ne5 dxe5 18.dxe5 Nd5 19.Bxd8 Nxe3 20.fxe3 Bxe5 21.
Rf1 Rxf1 22.Rxf1 Bb7 23.Rf2 Be4 24.Bd1 Rd6 25.Bxc7 Bg3 26.Rf8+ Kg7 27.Bxd6
1-0

[Event "Euskadi tch DH"]
[Site ""]
[Date "2012.01.21"]
[Round "2.5"]
[White "Salinero De Prado, Juan Manuel"]
[Black "Gonzalez De La Torre, Santiago"]
[Result "1-0"]
[WhiteElo "2141"]
[BlackElo "2441"]

1.d4 Nf6 2.Nf3 d5 3.c3 e6 4.Bg5 c5 5.e3 Nbd7 6.Nbd2 Bd6 7.e4 cxd4 8.Nxd4 
h6 9.Bxf6 Nxf6 10.Bb5+ Bd7 11.Qe2 Bxb5 12.Qxb5+ Qd7 13.exd5 Nxd5 14.Ne4 
Be7 15.Qxd7+ Kxd7 16.Rd1 Rhc8 17.O-O Ke8 18.Rfe1 Kf8 19.g3 a6 20.f4 g6 21.
Nf2 Bf6 22.Ng4 Kg7 23.Nf3 Bd8 24.Nge5 b5 25.Re4 g5 26.fxg5 hxg5 27.Rf1 Ra7
28.h4 gxh4 29.Nxh4 Bb6+ 30.Kh2 f5 31.Re2 Kf6 32.Ng4+ Kg5 33.Rxe6 f4 34.Kh3
Re7 35.Rxe7 Nxe7 36.gxf4+ Kh5 37.Re1 Ng6 38.Nxg6 Kxg6 39.Re6+ Kf5 40.Rxb6 
Kxf4 41.Rxa6 Rh8+ 42.Rh6 Rd8 43.Rf6+ Ke4 44.Kg3 Kd3 45.Rf5 Rb8 46.Rf4 Ra8 
47.Rb4 Rxa2 48.Rxb5 Ra1 49.Rb4 Re1 50.Kf4 Re8 51.Ne5+ Kc2 52.Ke4 Rd8 53.
Rb5 1-0

[Event "Euskadi tch DH"]
[Site ""]
[Date "2012.01.21"]
[Round "2.5"]
[White "Etchegaray, Patrice"]
[Black "Fernandez, G"]
[Result "1-0"]
[WhiteElo "2405"]
[BlackElo "2176"]

1.e4 e6 2.d4 d5 3.e5 c5 4.c3 Nc6 5.Nf3 Bd7 6.Be2 Nge7 7.Na3 cxd4 8.cxd4 
Ng6 9.h4 Be7 10.h5 Nh4 11.Nxh4 Bxh4 12.h6 g6 13.Nc2 Be7 14.Be3 Qa5+ 15.Kf1
Nb4 16.Bd2 Qb6 17.Nxb4 Bxb4 18.Bxb4 Qxb4 19.a3 Qb6 20.a4 Rc8 21.Rh3 O-O 
22.Rb3 Qc7 23.Qd2 Bc6 24.Kg1 Qe7 25.Rf3 f6 26.exf6 Rxf6 27.Qg5 Rf7 28.Qe5 
Rcf8 29.Raa3 Rf5 30.Rxf5 Rxf5 31.Qb8+ Qf8 32.Qxf8+ Kxf8 33.g3 g5 34.b4 Rf6
35.b5 Be8 36.Rc3 Rxh6 37.Rc7 Rf6 38.Rxb7 Rf7 39.Rb8 Ke7 40.Rxe8+ Kxe8 41.
Bh5 Ke7 42.Bxf7 Kxf7 43.a5 Ke7 44.b6 axb6 45.a6 1-0

[Event "Euskadi tch DH"]
[Site ""]
[Date "2012.01.21"]
[Round "2.5"]
[White "Martinez Pelaez, David"]
[Black "Argandoña Riveiro, Iñigo"]
[Result "0-1"]
[WhiteElo "1987"]
[BlackElo "2387"]

1.d4 g6 2.e4 c6 3.h4 d5 4.e5 h5 5.Bd3 Na6 6.c3 Nc7 7.Ne2 Nh6 8.Ng3 Bg4 9.
f3 Bd7 10.Be3 Qc8 11.Qc2 Nf5 12.Bf2 Bh6 13.Nd2 Nxg3 14.Bxg3 Bf5 15.O-O-O 
Bxd3 16.Qxd3 Qf5 17.Kc2 Ne6 18.Nf1 O-O-O 19.Re1 Rhg8 20.Ne3 Bxe3 21.Rxe3 
c5 22.Kd2 Qxd3+ 23.Kxd3 g5 24.Rh2 gxh4 25.Bxh4 Nf4+ 26.Kd2 Rxg2+ 27.Rxg2 
Nxg2 28.Bxe7 Nxe3 29.Kxe3 Re8 30.Bh4 Kd7 31.f4 cxd4+ 0-1